| 000 | 00468cam a2200181ua 4500 | ||
|---|---|---|---|
| 001 | 1588 | ||
| 008 | 110712n ii |||gr||||Z||||||eng | ||
| 020 | _a81-7040-558-0 | ||
| 040 | _cMAIN | ||
| 082 | _a336 | ||
| 100 | 1 |
_aMankar, V. G., _eAuthor. |
|
| 245 | 1 |
_aPublicFinance : _btheory & practice / _cby V. G. mankar |
|
| 260 |
_aBombay: _bHimalaya Publishing House,992. |
||
| 300 |
_a573p: _c23cm. |
||
| 653 | _aEconomics | ||
| 653 | _apublic economics | ||
| 942 | _cBK | ||
| 999 |
_c1475 _d1475 |
||